Music Quiz

Random Music or Bands Quiz

'B' Named Bands & Musicians Quiz Stats

Quiz Updated Jul 18, 2013

Challenge
Share
Tweet
Embed
Score 0/30 Timer 06:00
13 Plays Today
Hit Singles Band or Artist % Correct
Let It Be
Hey Jude
The Beatles
99.1%
Livin' on a Prayer
It's My Life
Bon Jovi
87.9%
Single Ladies (Put a Ring on It)
Diva
Beyoncé
87.7%
Stayin' Alive
More Than a Woman
Bee Gees
86.9%
I Want It That Way
Larger Than Life
Backstreet Boys
77.6%
Wouldn't it Be Nice
God Only Knows
The Beach Boys
75.7%
Rock Lobster
Love Shack
The B-52's
74.8%
Heart of Glass
Call Me
Blondie
73.5%
More Than a Feeling
Amanda
Boston
70.6%
Let's Get it Started
I Gotta Feeling
Black Eyed Peas
69.1%
Paranoid
Iron Man
Black Sabbath
68.7%
I Feel Good
Get Up (I Feel Like Being a) Sex Machine
James Brown
67.5%
Sabotage
No Sleep Till Brooklyn
Beastie Boys
63.3%
Love is a Battlefield
We Belong to the Night
Pat Benatar
61.8%
Margaritaville
Cheeseburger in Paradise
Jimmy Buffett
61.6%
Hit Singles Band or Artist % Correct
Don't Fear the Reaper
Burnin' For You
Blue Ă–yster Cult
59.9%
Manic Monday
Eternal Flame
Bangles
58.8%
Fame
Life on Mars?
David Bowie
52.9%
What's My Age Again?
Dammit
Blink-182
52.8%
End of the Road
I'll Make Love to You
Boyz II Men
52.5%
One Week
Brian Wilson
Barenaked Ladies
48.6%
Un-Break My Heart
You Mean the World to Me
Toni Braxton
43.1%
Friends in Low Places
Two Pina Coladas
Garth Brooks
42.9%
I Left My Heart in San Francisco
Rags to Riches
Tony Bennett
38.4%
The Pretender
Running on Empty
Jackson Browne
32.4%
She Talks to Angels
Remedy
Black Crowes
29.9%
Come Down
Machinehead
Bush
29.7%
Devil's Haircut
The New Pollution
Beck
28.5%
Beauty & the Beast (w/Celine Dion)
A Whole New World (w/Regina Belle)
Peabo Bryson
20.2%
Family Affair
Be Without You
Mary J. Blige
17.1%

You're not logged in!

Compare scores with friends on all Sporcle quizzes.
Sign Up with Email
OR
Log In

You Might Also Like...

Show Comments

Extras

Top Quizzes Today


Score Distribution

Your Account Isn't Verified!

In order to create a playlist on Sporcle, you need to verify the email address you used during registration. Go to your Sporcle Settings to finish the process.